El Pirata : el butlletí per a les escoles / el butlletí per a les escoles /
Descripción Física:
11 vols. ; il·lustracions b/n ; periodicitat: trimestral ; 30 cm
MARC
| LEADER | 00000nas a2200000 a 4500 | ||
|---|---|---|---|
| 001 | 28160 | ||
| 003 | AGDB | ||
| 005 | 20260324175350.0 | ||
| 008 | 160829s9999 xx 000 0 cat d | ||
| 017 | |a B 7293-2002 | ||
| 040 | |a agdb |b cat | ||
| 080 | |a Revistes | ||
| 245 | |a El Pirata : |b el butlletí per a les escoles / |c Museu Marítim, Departament d'Educació | ||
| 260 | |a Barcelona : |b Museu Marítim de Barcelona ; |c 1999- | ||
| 300 | |a 11 vols. ; |b il·lustracions b/n ; periodicitat: trimestral ; |c 30 cm | ||
| 310 | |a Trimestral | ||
| 362 | |a Núm. 1 (oct./des. 1999)- | ||
| 508 | |a A partir del núm. 4 (oct. /des. 2000) s'afegeix a la zona d'edició: Centre de Recursos Educatius del Mar | ||
| 610 | 1 | 0 | |9 54413 |a Museu Marítim (Barcelona, Catalunya). |b Departament d'Educació |
| 610 | 1 | 0 | |9 54414 |a Museu Marítim (Barcelona, Catalunya) |x Activitats culturals |
| 610 | 1 | 0 | |9 53424 |a Museu Marítim (Barcelona, Catalunya) |v Revistes |
| 655 | 0 | |9 55823 |a Revistes | |
| 710 | 1 | |a Museu Marítim (Barcelona, Catalunya). |b Departament d'Educació |9 54413 | |
| 710 | 2 | |a Centre de Recursos Educatius del Mar |9 54415 | |
| 866 | |a 1999 (1) | ||
| 866 | |a 2000 (2, 3, 4) | ||
| 866 | |a 2001 (5, 6, 7) | ||
| 866 | |a 2001/2002 (8, 9) | ||
| 866 | |a 2002/2003 (10, 11) | ||
| 901 | |a Arxiu | ||
| 942 | |n 1 |2 udc |c REV | ||
| 952 | |0 0 |1 0 |2 udc |4 0 |6 REV2270 |7 1 |9 45125 |a Arxiu |b Arxiu |d 2016-12-01 |h Núm. 1 (octubre/desembre 1999) - Núm. 11 (2n trimestre 2002/2003) |o Rev-2270 |p 28160 |r 2016-12-01 00:00:00 |w 2016-12-01 |y ARXIU | ||
| 999 | |c 47825 |d 47825 | ||